|
|
|
|
| LEADER |
02292nam a2200553 i 4500 |
| 001 |
nkc20213345736 |
| 003 |
CZ PrNK |
| 005 |
20230530102311.0 |
| 007 |
ta |
| 008 |
210804s2021 xr abche c 000 0 cze |
| 015 |
|
|
|a cnb003345736
|
| 020 |
|
|
|a 978-80-907989-1-5
|q (Muzeum paměti XX. století ;
|q brožováno)
|
| 020 |
|
|
|a 978-80-87344-61-3
|q (Museum Kampa - Nadace Jany a Medy Mládkových ;
|q brožováno)
|
| 035 |
|
|
|a (OCoLC)1288052311
|
| 035 |
|
|
|a (OCoLC)1291385262
|
| 040 |
|
|
|a BOA001
|b cze
|d ABA001
|e rda
|
| 041 |
1 |
|
|a cze
|a eng
|h cze
|
| 043 |
|
|
|a e-cs---
|
| 045 |
|
|
|a x2y2
|
| 072 |
|
7 |
|a 329
|x Politické strany a hnutí
|2 Konspekt
|9 15
|
| 080 |
|
|
|a 329.15
|2 MRF
|
| 080 |
|
|
|a 321.74
|2 MRF
|
| 080 |
|
|
|a (437)
|2 MRF
|
| 080 |
|
|
|a (437.3)
|2 MRF
|
| 245 |
0 |
0 |
|a Rudé století :
|b století dějin Komunistické strany Československa = The red century : a century of the history of the Communist Party of Czechoslovakia : 1921-2021 /
|c Petr Blažek, Jan Kalous (eds.) ; překlad: Presto - překladatelské centrum s.r.o.
|
| 246 |
3 |
1 |
|a Red century
|
| 264 |
|
1 |
|a Praha :
|b Museum Kampa - Nadace Jana a Medy Mládkových :
|b Muzeum paměti XX. století,
|c 2021
|
| 300 |
|
|
|a 105 stran :
|b ilustrace (některé barevné), mapy, portréty, faksimile ;
|c 30 cm
|
| 336 |
|
|
|a text
|b txt
|2 rdacontent
|
| 336 |
|
|
|a statický obraz
|b sti
|2 rdacontent
|
| 337 |
|
|
|a bez média
|b n
|2 rdamedia
|
| 338 |
|
|
|a svazek
|b nc
|2 rdacarrier
|
| 546 |
|
|
|a Souběžný anglický text
|
| 610 |
2 |
7 |
|a Komunistická strana Československa
|7 ko2002139400
|2 czenas
|
| 648 |
|
4 |
|a 1921-2021
|
| 650 |
0 |
7 |
|a komunistické strany
|7 ph121771
|z Československo
|2 czenas
|
| 650 |
0 |
7 |
|a komunistický režim
|7 ph114960
|z Československo
|2 czenas
|
| 650 |
0 |
9 |
|a communist parties
|z Czechoslovakia
|2 eczenas
|
| 650 |
0 |
9 |
|a communist regime
|z Czechoslovakia
|2 eczenas
|
| 655 |
|
7 |
|a katalogy výstav
|7 fd132536
|2 czenas
|
| 655 |
|
9 |
|a exhibition catalogs
|2 eczenas
|
| 700 |
1 |
|
|a Blažek, Petr,
|d 1973-
|7 pna2005280931
|4 edt
|
| 700 |
1 |
|
|a Kalous, Jan,
|d 1972-
|7 jo20010076883
|4 edt
|
| 710 |
2 |
|
|a Presto (firma)
|7 olak2012720632
|4 trl
|
| 910 |
2 |
|
|a BOA001
|b 4-1472.483
|
| 990 |
|
|
|a BK
|
| 995 |
|
|
|a 01
|
| 991 |
|
|
|b 202110
|c NOV
|
| 996 |
6 |
|
|b 2610881153
|c 4-1472.483
|l MZK
|r Sklad / do 1 hodiny
|n 0
|p p.v.
|w 001865135
|u 000010
|a 1
|e BOA001
|j MZK50
|s P
|